Statistics for Guess the 200 kpop idols by groups

Click here to take the quiz!

General Stats

  • This quiz has been taken 97 times
  • The average score is 129 of 199

Answer Stats

HintAnswer% Correct
BTSRm
100%
J
99%
Jun
99%
V
99%
StrayKidsBangChan
97%
Chen
97%
Jungkook
97%
Jimin
96%
Suga
96%
Changbin
95%
Han
95%
I.N
95%
Jin
95%
Jun Han
95%
Lisa
95%
San
95%
Hyunjin
93%
Jennie
93%
Jhope
93%
BlackPinkJisoo
93%
LeeKnow
93%
Rose
93%
Felix
92%
Jake
92%
AespaKarina
91%
Seungmin
91%
Winter
91%
Kai
89%
Nayeon
89%
Ningning
89%
Wonyoung
89%
ItzyYeji
89%
Giselle
88%
Jay
88%
Lia
88%
Mina
88%
Niki
88%
Ryujin
88%
Sana
88%
Sunghoon
88%
Momo
86%
Hwasa
85%
TwiceJihyo
85%
Tzuyu
85%
Yuna
85%
Heeseung
84%
Lily
84%
SeventeenScoups
84%
Sunoo
84%
The 8/ MingHao
84%
RedVelvetIrene
82%
Mingyu
82%
Minnie
82%
(G)I-DLESoyeon
82%
Vernon
82%
Bae
81%
Chaeryeong
81%
Chaeyoung
81%
Dino
81%
Mingi
81%
Dahyun
80%
Hoshi
80%
Joy
80%
Seulgi
80%
Wendy
80%
Woozi
80%
Yuqi
80%
Dk
78%
Jeongyeon
78%
Mark
78%
Seonghwa
78%
Wooyoung
78%
Yeri
78%
Yujin
78%
Joshua
77%
Miyeon
77%
Shuhua
77%
MamamooSolar
77%
EnhypenJungwon
76%
Ricky
74%
Sakura
74%
Seungkwan
74%
Wonwoo
74%
Jeonghan
73%
Jongho
73%
Minho
73%
Yeosang
73%
AteezHongjoong
72%
Key
72%
Liz
72%
Moonbyul
72%
Chaewon
70%
Jiwoo
70%
Wheein
70%
Taemin
69%
Yunho
69%
Bahiyyih
68%
Gaeul
68%
I.M
68%
Rei
68%
D.O.
66%
Leeseo
65%
Ten
62%
NCT127Taeyong
61%
Baekhyun
59%
NMIXXHaewon
59%
Johnny
59%
Sullyoon
59%
Chenle
58%
Jisun
58%
ShineeOnew
58%
Chaeyeon
57%
Kyujin
57%
Xiaoting
57%
Chanyeol
55%
Haechan
55%
Jeno
55%
Jisung
55%
EXOSuho
55%
Yena
55%
Hikaru
54%
Isa
54%
Jaehyun
54%
Jaemin
54%
Lay
54%
Yuta
54%
Sehun
53%
YangYang
53%
Hendery
51%
Monsta XShownu
51%
Taeil
51%
Zhang Hao
51%
Doyoung
50%
WinWin
50%
Yoon
50%
I*ZONEEunbi
49%
Jiwoong
49%
Mashiro
49%
Renjun
49%
Sieun
49%
Xiaojun
49%
Xiumin
49%
Haruto
47%
Jungwoo
47%
Matthew
47%
Seeun
47%
Gyuvin
46%
ZeroBaseOneHanbin
46%
Joohoney
46%
WayVKun
46%
Yuri
46%
Dayeon
45%
Hyungwon
45%
Nako
45%
Hitomi
43%
Yoshi
43%
Asahi
42%
Kihyun
42%
StayCSumin
42%
Chaehyun
41%
Jihoon
41%
Minhyuk
41%
Tae Rae
41%
Yeseo
41%
Gunwook
36%
TreasureHyunsuk
36%
Hyewon
35%
Minju
35%
Youngeun
35%
Jeongwoo
32%
Jiwon
32%
Junkyu
32%
O.de
32%
Xdinary heroesGunil
31%
Jaehyuk
31%
Jooyeon
30%
Gaon
28%
Junghwan
28%
Jungsu
27%
Nagyung
27%
Seoyeon
27%
Jiheon
26%
Fromis_9Saerom
24%
Hayoung
23%
Arthur
18%
Hwon
14%
Ivan
14%
Louis
14%
Mujin
14%
KingdomDann
12%
Jahan
12%

Score Distribution

Percentile by Number Answered

Percent of People with Each Score

Your Score History

You have not taken this quiz